[Event "V Festival A"]
[Site "Forni di Sopra ITA"]
[Date "2014.06.14"]
[Round "1"]
[White "Guichard, Pauline"]
[Black "Battistella, Stefano"]
[WhiteElo "2356"]
[BlackElo "2046"]
[Result "1-0"]
[PlyCount "64"]
[EventDate "2014.06.14"]

1. d4 d6 2. Nf3 f5 3. g3 Nf6 4. Bg2 g6 5. c4 Bg7 6. Nc3 O-O 7. O-O c6 8. Rb1 a5
9. b3 h6 10. Bb2 Qc7 11. d5 e5 12. dxe6 Bxe6 13. Qd2 Rd8 14. Nd4 Bf7 15. Rbe1
d5 16. cxd5 cxd5 17. Rc1 Nc6 18. Na4 Ne4 19. Qc2 Bxd4 20. Bxd4 Qd6 21. Ba1 Nb4
22. Qb2 d4 23. Rfd1 Qf6 24. Bxe4 fxe4 25. Nc5 Qe5 26. Nxb7 Rd5 27. a3 Rb8 28.
axb4 Rxb7 29. Rxd4 Qxd4 30. Qxd4 Rxd4 31. Rc8+ Be8 32. Bxd4 Rxb4 1-0

[Event "V Festival A"]
[Site "Forni di Sopra ITA"]
[Date "2014.06.14"]
[Round "1"]
[White "Libiszewski, Fabien"]
[Black "Lodici, Lorenzo"]
[WhiteElo "2543"]
[BlackElo "2105"]
[Result "1-0"]
[PlyCount "73"]
[EventDate "2014.06.14"]

1. e4 d5 2. exd5 Qxd5 3. Nf3 Bg4 4. Be2 Nc6 5. O-O O-O-O 6. h3 Bh5 7. Nc3 Qd7
8. b4 Bxf3 9. Bxf3 e5 10. Re1 Bd6 11. Nb5 Kb8 12. Nxd6 cxd6 13. c3 f5 14. d3
Nf6 15. b5 Ne7 16. a4 Rhg8 17. Bg5 h6 18. Bxf6 gxf6 19. c4 Rg5 20. Qb3 Ng6 21.
Kf1 Nh4 22. Bc6 Qc8 23. g3 bxc6 24. gxh4 Rg7 25. bxc6+ Ka8 26. Qb5 f4 27. Qd5
Rc7 28. Ke2 Qxh3 29. Rg1 f3+ 30. Ke1 Qxh4 31. Rg8 f5 32. Rb1 e4 33. dxe4 fxe4
34. Rb7 e3 35. Rxd8+ Qxd8 36. Qa5 exf2+ 37. Kf1 1-0

[Event "V Festival A"]
[Site "Forni di Sopra ITA"]
[Date "2014.06.14"]
[Round "1"]
[White "Messina, Roberta"]
[Black "Bruno, Fabio"]
[WhiteElo "2076"]
[BlackElo "2427"]
[Result "0-1"]
[PlyCount "188"]
[EventDate "2014.06.14"]

1. Nf3 c5 2. c4 Nf6 3. Nc3 g6 4. d4 cxd4 5. Nxd4 Nc6 6. Nc2 Bg7 7. e4 d6 8. Be2
O-O 9. O-O Nd7 10. Be3 Nc5 11. f3 Bxc3 12. bxc3 Be6 13. Qe1 Ne5 14. Bh6 Nxc4
15. Nd4 Ne5 16. f4 Nc6 17. f5 Bd7 18. Bxf8 Qxf8 19. fxg6 hxg6 20. Qh4 Ne5 21.
Nf3 Ng4 22. Ng5 Qh6 23. Qxh6 Nxh6 24. Bc4 Be8 25. Rae1 Nd7 26. Bd5 Rb8 27. Rb1
b6 28. Bc6 Rc8 29. Bb5 Rc5 30. h4 Nf6 31. Bxe8 Nxe8 32. Rf3 Nf6 33. Re1 Nhg4
34. Nh3 Ne5 35. Rg3 Ra5 36. Re2 Rb5 37. Nf4 Rb1+ 38. Kh2 Nfg4+ 39. Rxg4 Nxg4+
40. Kg3 Ne5 41. Rc2 Kf8 42. Ne2 e6 43. Nd4 Re1 44. Nb5 Ke7 45. Nxa7 Rxe4 46.
Nb5 Nc4 47. Kh3 d5 48. a4 Nd6 49. g4 Re3+ 50. Kh2 Ne4 51. c4 Nf6 52. cxd5 Nxd5
53. Nc7 Nc3 54. Na8 Nxa4 55. Rc7+ Kf8 56. Ra7 Re4 57. Kh3 Rd4 58. Nc7 Nc5 59.
Ra8+ Ke7 60. h5 gxh5 61. gxh5 Ne4 62. Rb8 Rd3+ 63. Kh4 Rd1 64. Rxb6 Rh1+ 65.
Kg4 Nf6+ 66. Kf3 Rxh5 67. Nb5 Rf5+ 68. Ke2 Re5+ 69. Kf3 Rd5 70. Rb7+ Rd7 71.
Rb8 Rd3+ 72. Ke2 Rb3 73. Rb7+ Kf8 74. Kd2 Ne4+ 75. Kc2 Rb4 76. Nd6 Rxb7 77.
Nxb7 Ke7 78. Kd3 f5 79. Na5 Nd6 80. Kd4 Kf6 81. Nc6 Nf7 82. Ke3 e5 83. Nb4 Ke6
84. Nd3 Ng5 85. Nf2 f4+ 86. Ke2 Kf5 87. Kf1 e4 88. Nd1 Nf3 89. Ke2 Nd4+ 90. Kf2
Kg4 91. Kf1 e3 92. Nb2 Kf3 93. Nd3 e2+ 94. Ke1 Ke3 0-1

[Event "V Festival A"]
[Site "Forni di Sopra ITA"]
[Date "2014.06.14"]
[Round "1"]
[White "Naumkin, Igor"]
[Black "Rorato, Giovanni"]
[WhiteElo "2427"]
[BlackElo "2077"]
[Result "1-0"]
[PlyCount "57"]
[EventDate "2014.06.14"]

1. d4 d5 2. c4 e6 3. Nf3 Nf6 4. Nc3 Nbd7 5. Bg5 Bb4 6. cxd5 exd5 7. e3 c5 8.
Bd3 Qa5 9. O-O Bxc3 10. bxc3 c4 11. Bc2 O-O 12. Ne5 Qxc3 13. Nxd7 Nxd7 14. Qb1
Re8 15. Bxh7+ Kh8 16. Bc2 Nf8 17. a4 Be6 18. Rc1 a5 19. Ra2 b6 20. Rb2 Nd7 21.
h3 Rac8 22. Rb5 Qa3 23. Re1 Qc3 24. e4 dxe4 25. Qd1 Qa3 26. Rxe4 Kg8 27. d5 Nc5
28. Rh4 f6 29. Bc1 1-0

[Event "V Festival A"]
[Site "Forni di Sopra ITA"]
[Date "2014.06.14"]
[Round "1"]
[White "Popa, Claudiu"]
[Black "Dvirnyy, Danyyil"]
[WhiteElo "2105"]
[BlackElo "2549"]
[Result "0-1"]
[PlyCount "72"]
[EventDate "2014.06.14"]

1. e4 c5 2. c3 d5 3. exd5 Qxd5 4. d4 g6 5. Nf3 Bg7 6. Be3 Nh6 7. Nbd2 Nf5 8.
Bc4 Qc6 9. d5 Qc7 10. O-O O-O 11. a4 Nd7 12. a5 Rd8 13. Qb3 Rb8 14. g3 b5 15.
axb6 Nxb6 16. Bf4 Nd6 17. Qa2 Bb7 18. Rfd1 Rbc8 19. Bxd6 Rxd6 20. Ne4 Rdd8 21.
Nfg5 Nxc4 22. Qxc4 Rf8 23. Rxa7 Qb6 24. Ra2 h6 25. Nf3 Rfd8 26. Ne1 e6 27. d6
Kh7 28. d7 Rc6 29. f3 f5 30. Nf2 Rc7 31. Qa4 Bd5 32. Qa5 Qb7 33. Raa1 c4 34.
Rd2 Rcxd7 35. Qa6 Qb8 36. Nd1 Bb7 0-1

[Event "V Festival A"]
[Site "Forni di Sopra ITA"]
[Date "2014.06.14"]
[Round "1"]
[White "Turrin, Osvaldo"]
[Black "Bellia, Fabrizio"]
[WhiteElo "2048"]
[BlackElo "2393"]
[Result "0-1"]
[PlyCount "82"]
[EventDate "2014.06.14"]

1. d4 Nf6 2. Nf3 d5 3. c4 e6 4. Nc3 Be7 5. Bg5 O-O 6. e3 h6 7. Bh4 b6 8. Be2
Bb7 9. cxd5 Nxd5 10. Bxe7 Qxe7 11. Nxd5 Bxd5 12. O-O Nd7 13. Qa4 c5 14. Qa3 e5
15. dxc5 Nxc5 16. Rfd1 Rfd8 17. b4 Nb7 18. Qb2 e4 19. Nd4 Nd6 20. Rac1 Rac8 21.
Ba6 Bb7 22. Bxb7 Qxb7 23. b5 Nc4 24. Qb1 Ne5 25. Rxc8 Rxc8 26. Nf5 Nc4 27. Qa1
f6 28. Qd4 Kh7 29. h4 Rc5 30. g4 Ne5 31. Qd8 Qc7 32. Qe8 Rc1 33. Rxc1 Qxc1+ 34.
Kg2 Qd1 35. Ne7 Qxg4+ 36. Kf1 Qh3+ 37. Ke1 Qe6 38. h5 Qc4 39. Ng6 Nf3+ 40. Kd1
Qd3+ 41. Kc1 Qc3+ 0-1

[Event "V Festival A"]
[Site "Forni di Sopra ITA"]
[Date "2014.06.14"]
[Round "1"]
[White "Valsecchi, Alessio"]
[Black "Prats Rodriguez, Juan Bosco"]
[WhiteElo "2407"]
[BlackElo "2056"]
[Result "1-0"]
[PlyCount "89"]
[EventDate "2014.06.14"]

1. Nf3 d5 2. d4 Nf6 3. c4 dxc4 4. Nc3 a6 5. a4 Nc6 6. e4 Bg4 7. d5 Ne5 8. Bf4
Ng6 9. Bg3 e5 10. dxe6 Bxe6 11. Ng5 Bb4 12. Nxe6 fxe6 13. Qxd8+ Kxd8 14. Bxc4
Nxe4 15. O-O-O+ Nd6 16. Bxe6 Bxc3 17. bxc3 Ke7 18. Rhe1 Rad8 19. Rd3 Kf6 20.
Rf3+ Kg5 21. Rd1 h5 22. Rd5+ Kh6 23. Rfd3 Rde8 24. Bxd6 Rxe6 25. Rh3 h4 26. g4
Kh7 27. Rh5+ Kg8 28. Rxh8+ Kxh8 29. Bxc7 Re4 30. a5 Rxg4 31. Rd3 Nf4 32. Rd8+
Kh7 33. Rd7 Ne6 34. Bb6 Rg2 35. h3 Nf4 36. Bd8 Nxh3 37. Bxh4 Nxf2 38. Rxb7 Nd3+
39. Kb1 Kg6 40. Be7 Kf5 41. Rb6 Re2 42. Bd6 g5 43. Rxa6 g4 44. Ra8 Re4 45. a6
1-0

[Event "V Festival A"]
[Site "Forni di Sopra ITA"]
[Date "2014.06.15"]
[Round "2"]
[White "Bellia, Fabrizio"]
[Black "Boraso, Alessio"]
[WhiteElo "2393"]
[BlackElo "2211"]
[Result "1-0"]
[PlyCount "115"]
[EventDate "2014.06.14"]

1. d4 Nf6 2. c4 g6 3. Nf3 Bg7 4. g3 O-O 5. Bg2 d6 6. O-O c5 7. Nc3 Nc6 8. d5
Na5 9. Nd2 a6 10. Qc2 Rb8 11. a4 Bd7 12. b3 h5 13. Bb2 b5 14. axb5 axb5 15.
cxb5 Bxb5 16. Ra3 Qb6 17. Rfa1 Nb7 18. R1a2 Nd7 19. Nc4 Bxc4 20. bxc4 Nd8 21.
Nb5 Bxb2 22. Ra6 Qb7 23. Ra7 Bg7 24. Rxb7 Nxb7 25. Bh3 Ne5 26. f4 Ng4 27. Bxg4
hxg4 28. f5 Ra8 29. fxg6 Rxa2 30. gxf7+ Rxf7 31. Qxa2 Bh6 32. Qb1 Be3+ 33. Kh1
Rf6 34. h3 Na5 35. hxg4 Nxc4 36. Qe4 Rf1+ 37. Kg2 Rf2+ 38. Kh3 Ne5 39. Na7 Bd4
40. Nc6 Rf7 41. e3 Nf3 42. Kg2 Ne1+ 43. Kg1 Nf3+ 44. Kh1 Be5 45. Qg6+ Kf8 46.
Nd8 Rg7 47. Ne6+ Kg8 48. Qe8+ Kh7 49. Nxg7 Kxg7 50. Qxe7+ Kg6 51. Qe6+ Kg7 52.
Qd7+ Kh6 53. Qf7 Nd2 54. Qf8+ Kg6 55. Qf2 Bc3 56. Qf5+ Kh6 57. Qe6+ Kg5 58.
Qxd6 1-0

[Event "V Festival A"]
[Site "Forni di Sopra ITA"]
[Date "2014.06.15"]
[Round "2"]
[White "Bruno, Fabio"]
[Black "Pescatore, Lorenzo"]
[WhiteElo "2427"]
[BlackElo "2223"]
[Result "0-1"]
[PlyCount "74"]
[EventDate "2014.06.14"]

1. Nf3 c5 2. c4 Nc6 3. Nc3 e5 4. g3 g6 5. Bg2 Bg7 6. O-O Nge7 7. a3 d6 8. b4 e4
9. Ng5 h6 10. Nh3 g5 11. Rb1 f5 12. Bb2 O-O 13. d3 exd3 14. e3 f4 15. f3 fxe3
16. Qxd3 Ne5 17. Qxe3 Nxc4 18. Qe2 Nxb2 19. Rxb2 Nf5 20. Nf2 d5 21. Rc1 Re8 22.
Qd2 c4 23. Rbb1 Be6 24. Bh3 d4 25. Nce4 Qd5 26. Nc5 Bc8 27. Re1 Ne3 28. Bxc8
Raxc8 29. Nfe4 Nf5 30. Rbc1 b6 31. Na4 d3 32. Nac3 Qd7 33. b5 Nd4 34. Rf1 Nb3
35. Qa2 Nxc1 36. Rxc1 Bxc3 37. Nxc3 d2 0-1

[Event "V Festival A"]
[Site "Forni di Sopra ITA"]
[Date "2014.06.15"]
[Round "2"]
[White "Capaliku, Aleks"]
[Black "Brunello, Marina"]
[WhiteElo "2006"]
[BlackElo "2315"]
[Result "0-1"]
[PlyCount "142"]
[EventDate "2014.06.14"]

1. d4 d5 2. c4 c6 3. cxd5 cxd5 4. Nc3 Nf6 5. Nf3 Nc6 6. e3 Bf5 7. Bd3 Bxd3 8.
Qxd3 e6 9. O-O Bd6 10. a3 O-O 11. b4 Rc8 12. Bb2 Bb8 13. Rac1 Qd6 14. e4 dxe4
15. Nxe4 Nxe4 16. Qxe4 Qf4 17. Qe3 Rcd8 18. g3 Qf5 19. Rc5 Rd5 20. Nh4 Qh5 21.
Qf3 Qxf3 22. Nxf3 Rd6 23. b5 Ne7 24. Rfc1 Rfd8 25. a4 h6 26. Kf1 R6d7 27. R5c4
Nd5 28. Rc8 Bc7 29. Rxd8+ Rxd8 30. Ke2 Bd6 31. Ne5 Bb4 32. Nd3 a5 33. bxa6 bxa6
34. Nxb4 Nxb4 35. Rc4 Rb8 36. Bc3 Nd5 37. Kd2 Rb1 38. Rc6 Rb3 39. Ba5 Ra3 40.
Rc4 Ra2+ 41. Ke1 g5 42. Bd8 g4 43. a5 Kg7 44. Rc8 Kg6 45. Ra8 Nb4 46. Kf1 Kf5
47. Be7 Nd3 48. Rxa6 Ke4 49. Rb6 Kf3 50. Rb1 Rxa5 51. Kg1 Ra2 52. Bf8 Rxf2 53.
Rf1 Rxf1+ 54. Kxf1 h5 55. Bc5 Nc1 56. Ke1 Nb3 57. Bb6 Ke4 58. Kf2 Nxd4 59. Kg2
Nf3 60. h3 Kd3 61. hxg4 hxg4 62. Kf2 Nd2 63. Ba7 Ne4+ 64. Kg2 Ke2 65. Bd4 Ng5
66. Bb6 Nf3 67. Ba7 Ne1+ 68. Kg1 Kf3 69. Bb6 Nd3 70. Bc7 e5 71. Kh2 e4 0-1

[Event "V Festival A"]
[Site "Forni di Sopra ITA"]
[Date "2014.06.15"]
[Round "2"]
[White "Ceschia, Ivano"]
[Black "D'Amore, Carlo"]
[WhiteElo "2242"]
[BlackElo "2492"]
[Result "1/2-1/2"]
[PlyCount "92"]
[EventDate "2014.06.14"]

1. e4 e5 2. Nf3 Nc6 3. Bb5 Nf6 4. Qe2 Bc5 5. Bxc6 dxc6 6. Nxe5 O-O 7. c3 Bd6 8.
d4 Re8 9. f4 c5 10. O-O cxd4 11. cxd4 c5 12. d5 b5 13. b3 a5 14. Bb2 Qb6 15.
Nd2 a4 16. Qf2 Qc7 17. Rfc1 Qb7 18. Qg3 a3 19. Bc3 b4 20. Nd7 Ng4 21. Nf6+ gxf6
22. Bxf6 c4 23. Rxc4 Bb8 24. h3 Ba7+ 25. Kh1 Bf2 26. Qf3 Nxf6 27. Qxf2 Bd7 28.
Qh4 Ra6 29. Rac1 Nxd5 30. exd5 Qxd5 31. Qg5+ Qxg5 32. fxg5 Re2 33. Ne4 Be6 34.
Rxb4 Rxa2 35. Nc5 Rc6 36. Rb8+ Kg7 37. Nxe6+ Rxe6 38. Ra8 Ree2 39. Rg1 Rf2 40.
Kh2 Rf5 41. h4 Rd5 42. Rf1 Rdd2 43. Ra7 Rxg2+ 44. Kh3 Rgf2 45. Rxf2 Rxf2 46.
Rxa3 Rf4 1/2-1/2

[Event "V Festival A"]
[Site "Forni di Sopra ITA"]
[Date "2014.06.15"]
[Round "2"]
[White "Congiu, Mathilde"]
[Black "Delchev, Aleksander"]
[WhiteElo "2279"]
[BlackElo "2638"]
[Result "0-1"]
[PlyCount "64"]
[EventDate "2014.06.14"]

1. e4 c5 2. Nf3 e6 3. c3 d5 4. exd5 Qxd5 5. d4 Nf6 6. Be3 cxd4 7. cxd4 Bb4+ 8.
Nc3 Qa5 9. Be2 Bxc3+ 10. bxc3 Qxc3+ 11. Bd2 Qa3 12. Bc1 Qa5+ 13. Bd2 Qd8 14.
O-O Nd5 15. Bd3 O-O 16. Re1 Nc6 17. Rb1 h6 18. Qa4 Bd7 19. Qa3 Qc7 20. Qb2 Rab8
21. Rec1 Rfd8 22. Rc5 Be8 23. Rbc1 Qd6 24. Bb1 Nde7 25. Be3 b6 26. R5c4 Na5 27.
R4c3 Nd5 28. Rd3 Rbc8 29. Ne5 Qb4 30. Qd2 Qxd2 31. Bxd2 f6 32. Nf3 Rxc1+ 0-1

[Event "V Festival A"]
[Site "Forni di Sopra ITA"]
[Date "2014.06.15"]
[Round "2"]
[White "Dvirnyy, Danyyil"]
[Black "De Santis, Alessio"]
[WhiteElo "2549"]
[BlackElo "2282"]
[Result "1-0"]
[PlyCount "71"]
[EventDate "2014.06.14"]

1. d4 Nf6 2. c4 e6 3. Nc3 Bb4 4. e3 b6 5. Nge2 Ba6 6. a3 Bxc3+ 7. Nxc3 d5 8.
Qf3 c6 9. b3 O-O 10. Bb2 Ne8 11. a4 Nd6 12. Ba3 Re8 13. Qf4 Nb7 14. Be2 dxc4
15. b4 b5 16. Bf3 Nd6 17. O-O bxa4 18. Nxa4 Bb5 19. Nc3 a6 20. Bb2 Ra7 21. e4
Qe7 22. e5 Nc8 23. Rfe1 Nb6 24. Ne4 Nd5 25. Qg3 Nd7 26. Nd6 Rb8 27. Bc1 Kh8 28.
Bg5 Qf8 29. Re4 Nxb4 30. Rf4 f5 31. Bh5 g6 32. Bxg6 hxg6 33. Rh4+ Kg8 34. Bh6
Qg7 35. Bxg7 Kxg7 36. Qg5 1-0

[Event "V Festival A"]
[Site "Forni di Sopra ITA"]
[Date "2014.06.15"]
[Round "2"]
[White "Fiorido, Giuseppe"]
[Black "Guichard, Pauline"]
[WhiteElo "2120"]
[BlackElo "2356"]
[Result "0-1"]
[PlyCount "164"]
[EventDate "2014.06.14"]

1. e4 e5 2. Nf3 Nc6 3. Bb5 a6 4. Bxc6 dxc6 5. O-O Be6 6. Nxe5 Qd4 7. Nf3 Qxe4
8. Ng5 Qf5 9. Nxe6 fxe6 10. Qe2 O-O-O 11. Re1 Bc5 12. Qxe6+ Qxe6 13. Rxe6 Nf6
14. d3 Kd7 15. Re2 Rde8 16. Nc3 Rxe2 17. Nxe2 Ng4 18. d4 Re8 19. Be3 Bd6 20. g3
Nxe3 21. fxe3 Rxe3 22. Kf2 Re6 23. Ng1 c5 24. Rd1 cxd4 25. Rxd4 Kc6 26. Rd2
Bc5+ 27. Kf1 Bxg1 28. Kxg1 Re1+ 29. Kf2 Ra1 30. a3 Rb1 31. b3 b5 32. Ke3 Rh1
33. Kd3 a5 34. Kc3 Rf1 35. Re2 Rf3+ 36. Kb2 Rf7 37. Kc3 Kd5 38. Re8 c5 39. Rd8+
Kc6 40. Rd2 Rf3+ 41. Kb2 g6 42. Re2 Kd7 43. Re5 Kd6 44. Re2 Rf5 45. Kc3 Re5 46.
Rf2 Ke7 47. Kd3 Rd5+ 48. Kc3 Rd1 49. Re2+ Kd6 50. Rf2 Rh1 51. Re2 Ra1 52. Kb2
Rh1 53. Kc3 g5 54. Rf2 Ke6 55. a4 bxa4 56. bxa4 Ra1 57. Kc4 Rxa4+ 58. Kxc5 Ra2
59. Kc4 a4 60. Kc3 h5 61. Rf8 h4 62. gxh4 gxh4 63. Rf2 Ke5 64. Rf8 Ra3+ 65. Kb4
Rh3 66. Kxa4 Rxh2 67. Kb3 h3 68. c3 Rg2 69. Rh8 h2 70. c4 Kd4 71. Rh4+ Ke3 72.
c5 Kf2 73. Kb4 Rg4+ 74. Rxg4 h1=Q 75. Rd4 Ke3 76. Rd6 Qb7+ 77. Kc4 Ke4 78. Re6+
Kf5 79. Rd6 Ke5 80. Rb6 Qd7 81. Rd6 Qa4+ 82. Kc3 Qb5 0-1

[Event "V Festival A"]
[Site "Forni di Sopra ITA"]
[Date "2014.06.15"]
[Round "2"]
[White "Krebs, Johann"]
[Black "Libiszewski, Fabien"]
[WhiteElo "2249"]
[BlackElo "2543"]
[Result "0-1"]
[PlyCount "84"]
[EventDate "2014.06.14"]

1. d4 Nf6 2. c4 g6 3. Nc3 Bg7 4. e4 d6 5. Be2 O-O 6. Nf3 Nbd7 7. O-O e5 8. Qc2
Nh5 9. Bg5 f6 10. Be3 Nf4 11. Bxf4 exf4 12. Qd2 g5 13. h3 Re8 14. Nh2 Nf8 15.
Bg4 Bxg4 16. Nxg4 c6 17. Rfe1 Qd7 18. Nh2 Ng6 19. Rad1 Re7 20. Qd3 Rae8 21. Kf1
Nh4 22. Nf3 Nxf3 23. Qxf3 f5 24. Qh5 fxe4 25. Qxg5 e3 26. f3 Rf7 27. Ne4 d5 28.
cxd5 cxd5 29. Nc3 Rf5 30. Qg4 Kh8 31. Ne2 Rg8 32. h4 Bf8 33. Qh3 Bb4 34. Nxf4
Bxe1 35. Rxe1 Qb5+ 36. Ne2 Rgf8 37. b3 Qa6 38. a4 Qd3 39. Kg1 Qxb3 40. Ng3 Qc3
41. Nxf5 Qxe1+ 42. Kh2 e2 0-1

[Event "V Festival A"]
[Site "Forni di Sopra ITA"]
[Date "2014.06.15"]
[Round "2"]
[White "Medancic, Rikard"]
[Black "Romanishin, Oleg M."]
[WhiteElo "2211"]
[BlackElo "2487"]
[Result "0-1"]
[PlyCount "68"]
[EventDate "2014.06.14"]

1. d4 Nf6 2. Nf3 g6 3. Bg5 Ne4 4. Bf4 Bg7 5. Nbd2 d5 6. e3 O-O 7. Be2 c5 8. c3
Nc6 9. O-O Qb6 10. Qb3 Nxd2 11. Nxd2 e5 12. dxe5 Nxe5 13. Rfd1 Be6 14. h3 h6
15. a4 Qxb3 16. Nxb3 b6 17. Nd2 Nc6 18. Rac1 Rad8 19. Bb5 Ne5 20. Bf1 a5 21. b4
axb4 22. cxb4 cxb4 23. Rb1 Nc4 24. Nf3 g5 25. Bg3 Bc3 26. Nd4 Nd2 27. Rxd2 Bxd2
28. Nc6 Rc8 29. Nxb4 Bxb4 30. Rxb4 Rc1 31. Be5 Rfc8 32. g4 d4 33. Kg2 Bd5+ 34.
f3 R8c2+ 0-1

[Event "V Festival A"]
[Site "Forni di Sopra ITA"]
[Date "2014.06.15"]
[Round "2"]
[White "Narciso Dublan, Marc"]
[Black "Sharapov, Sanal"]
[WhiteElo "2538"]
[BlackElo "2265"]
[Result "0-1"]
[PlyCount "102"]
[EventDate "2014.06.14"]

1. d4 Nf6 2. c4 d6 3. Nf3 Nbd7 4. Nc3 e5 5. e4 Be7 6. Be2 c6 7. O-O O-O 8. Be3
Re8 9. d5 c5 10. Ne1 Rf8 11. Nd3 Ne8 12. Qd2 g6 13. Rae1 Ng7 14. f4 f5 15. fxe5
Nxe5 16. Nxe5 dxe5 17. exf5 gxf5 18. Rd1 Bd6 19. Bg5 Qe8 20. Nb5 Qg6 21. Nxd6
Qxd6 22. g3 Bd7 23. Rf2 Rf7 24. Rdf1 Raf8 25. Bd3 b6 26. b3 Qg6 27. Bc2 Qh5 28.
d6 f4 29. Be7 fxg3 30. Rxf7 Rxf7 31. Rxf7 Qxh2+ 32. Qxh2 gxh2+ 33. Kxh2 Kxf7
34. Bxh7 Bf5 35. Bxf5 Nxf5 36. Bd8 Nxd6 37. Bc7 Ke6 38. Bb8 a6 39. Kg2 b5 40.
Ba7 bxc4 41. bxc4 Nxc4 42. Bxc5 Kd5 43. Bb4 Ke4 44. Kf2 Kd3 45. Ke1 Ne3 46. Bd6
e4 47. Bg3 Nf5 48. Bc7 e3 49. Ba5 Nd4 50. Kd1 Nf3 51. Kc1 e2 0-1

[Event "V Festival A"]
[Site "Forni di Sopra ITA"]
[Date "2014.06.15"]
[Round "2"]
[White "Seyfried, Claus"]
[Black "Naumkin, Igor"]
[WhiteElo "2183"]
[BlackElo "2427"]
[Result "0-1"]
[PlyCount "70"]
[EventDate "2014.06.14"]

1. e4 e6 2. d4 d5 3. Nd2 Nc6 4. Ngf3 Nf6 5. e5 Nd7 6. Bd3 Nb4 7. Be2 c5 8. c3
Nc6 9. O-O f6 10. exf6 Nxf6 11. Re1 Bd6 12. Nf1 cxd4 13. cxd4 O-O 14. Ng3 Ng4
15. Qd3 e5 16. dxe5 Bc5 17. Ng5 Bxf2+ 18. Kh1 g6 19. Rf1 Ncxe5 20. Qb3 Bb6 21.
Rxf8+ Kxf8 22. h3 Nf2+ 23. Kh2 Kg7 24. Be3 h6 25. Bxb6 axb6 26. Rf1 hxg5 27.
Rxf2 d4 28. Qb5 Ra5 29. Qb3 d3 30. Bd1 Qd4 31. Rd2 g4 32. h4 Qd8 33. Kg1 Qxh4
34. Qxb6 Qxg3 35. Qxa5 Qe1+ 0-1

[Event "V Festival A"]
[Site "Forni di Sopra ITA"]
[Date "2014.06.15"]
[Round "2"]
[White "Zamengo, Fulvio"]
[Black "Valsecchi, Alessio"]
[WhiteElo "2168"]
[BlackElo "2407"]
[Result "0-1"]
[PlyCount "88"]
[EventDate "2014.06.14"]

1. e4 e5 2. Nf3 Nc6 3. Bb5 a6 4. Ba4 Nf6 5. O-O Be7 6. Re1 b5 7. Bb3 d6 8. a4
b4 9. d3 O-O 10. Nbd2 Rb8 11. h3 Na5 12. Ba2 c5 13. Nc4 Nc6 14. Nh2 Be6 15. f4
exf4 16. Bxf4 Rb7 17. Nf3 d5 18. Nce5 Nxe5 19. Nxe5 dxe4 20. Bxe6 Qd4+ 21. Kh1
fxe6 22. dxe4 Qxd1 23. Raxd1 Nh5 24. Bh2 Rf2 25. Rf1 Rxc2 26. Nc6 Nf6 27. Be5
h6 28. Nxe7+ Rxe7 29. Bxf6 gxf6 30. b3 Kf7 31. Rd6 Rb7 32. Rb1 a5 33. Rdd1 c4
34. bxc4 Rxc4 35. e5 fxe5 36. Rd3 e4 37. Re3 Kf6 38. Rg3 Ke5 39. Kh2 Rc2 40. h4
Ra2 41. Rg6 b3 42. Rxh6 Rxa4 43. Rh5+ Kd4 44. Rd1+ Ke3 0-1

[Event "V Festival A"]
[Site "Forni di Sopra ITA"]
[Date "2014.06.15"]
[Round "3"]
[White "Boscolo, Federico"]
[Black "Ceschia, Ivano"]
[WhiteElo "2306"]
[BlackElo "2242"]
[Result "1-0"]
[PlyCount "47"]
[EventDate "2014.06.14"]

1. e4 c5 2. Nf3 Nc6 3. Bb5 d6 4. O-O Bd7 5. Re1 a6 6. Bf1 Nf6 7. c3 Bg4 8. h3
Bh5 9. g4 Bg6 10. d4 cxd4 11. cxd4 d5 12. exd5 Nxd5 13. Nc3 e6 14. Nxd5 Qxd5
15. Bg2 Qc4 16. d5 Bc2 17. Qe2 Bd3 18. Qe3 Bc5 19. Qg5 Nd4 20. Ne5 Qc2 21. Be3
O-O 22. Rac1 Ne2+ 23. Rxe2 Bxe3 24. Rcxc2 1-0

[Event "V Festival A"]
[Site "Forni di Sopra ITA"]
[Date "2014.06.15"]
[Round "3"]
[White "Brociner, Beniamino"]
[Black "Vezzosi, Paolo"]
[WhiteElo "2157"]
[BlackElo "2302"]
[Result "1/2-1/2"]
[PlyCount "80"]
[EventDate "2014.06.14"]

1. Nf3 Nf6 2. c4 g6 3. g3 Bg7 4. Bg2 O-O 5. O-O d6 6. d4 Nc6 7. Nc3 a6 8. Bf4
Rb8 9. Rc1 Bd7 10. c5 b5 11. cxb6 cxb6 12. d5 Na5 13. b3 Rc8 14. Nd4 b5 15. Qd3
Qb6 16. Be3 Qb7 17. Bg5 h6 18. Bxf6 Bxf6 19. Nc6 Nxc6 20. dxc6 Bxc6 21. Nd5 a5
22. Rxc6 Rxc6 23. Nxf6+ exf6 24. Qf3 Rfc8 25. Qf4 Kg7 26. Bxc6 Qxc6 27. Rd1 Rd8
28. Qd4 Qc2 29. Rd2 Qb1+ 30. Kg2 Qc1 31. Rd3 Qc6+ 32. Qd5 Rc8 33. Kf3 Kf8 34.
Qxc6 Rxc6 35. Rd5 Rb6 36. a4 bxa4 37. bxa4 Ra6 38. Ke4 Ke7 39. Kd4 Kd7 40. Kc4
Kc6 1/2-1/2

[Event "V Festival A"]
[Site "Forni di Sopra ITA"]
[Date "2014.06.15"]
[Round "3"]
[White "Delchev, Aleksander"]
[Black "Valsecchi, Alessio"]
[WhiteElo "2638"]
[BlackElo "2407"]
[Result "1-0"]
[PlyCount "81"]
[EventDate "2014.06.14"]

1. e4 e5 2. Bc4 Nc6 3. Nf3 Bc5 4. c3 Nf6 5. d3 d6 6. O-O O-O 7. Bb3 a6 8. Re1
Ba7 9. h3 Ne7 10. Nbd2 Ng6 11. Nf1 Nh5 12. d4 Nhf4 13. Ng3 Qf6 14. Nh5 Qe7 15.
Bxf4 Nxf4 16. Nxf4 exf4 17. e5 c5 18. Qd3 g6 19. Qd2 cxd4 20. Qxf4 dxe5 21.
Rxe5 Bb8 22. Rxe7 Bxf4 23. Re4 Bh6 24. Rxd4 Bg7 25. Rd6 b5 26. Re1 Ra7 27. Ng5
Bh6 28. Ne4 Kg7 29. Nf6 Bg5 30. Ne8+ Kh8 31. Rd5 Re7 32. Rxe7 Bxe7 33. Re5 Bh4
34. Nd6 Kg7 35. g3 Bd8 36. Nxc8 Bc7 37. Re7 Rxc8 38. Rxf7+ Kh6 39. Be6 Re8 40.
Rxc7 Rxe6 41. Kf1 1-0

[Event "V Festival A"]
[Site "Forni di Sopra ITA"]
[Date "2014.06.15"]
[Round "3"]
[White "Fiorido, Giuseppe"]
[Black "Bruno, Fabio"]
[WhiteElo "2120"]
[BlackElo "2427"]
[Result "0-1"]
[PlyCount "76"]
[EventDate "2014.06.14"]

1. e4 c5 2. Nf3 e6 3. d3 Nc6 4. g3 d6 5. Bg2 Nf6 6. O-O Be7 7. Re1 O-O 8. Nbd2
b6 9. e5 Nd5 10. exd6 Bxd6 11. Nc4 Bb7 12. Nxd6 Qxd6 13. Bd2 h6 14. Bc3 Nxc3
15. bxc3 c4 16. d4 Ne7 17. a4 Bd5 18. Ne5 Rac8 19. f4 Rfe8 20. Qh5 Rf8 21. Qd1
Bxg2 22. Kxg2 Qd5+ 23. Qf3 Rfd8 24. Reb1 f6 25. Ng4 Nf5 26. Qxd5 Rxd5 27. Re1
Kf7 28. Kf3 Ra5 29. Reb1 Nd6 30. Ke3 Rh5 31. Kf3 g5 32. fxg5 hxg5 33. Rf1 Ke7
34. Rae1 f5 35. Ne3 Rxh2 36. d5 e5 37. Nxf5+ Nxf5 38. Kg4 Nh6+ 0-1

[Event "V Festival A"]
[Site "Forni di Sopra ITA"]
[Date "2014.06.15"]
[Round "3"]
[White "Gregori, Giacomo"]
[Black "Narciso Dublan, Marc"]
[WhiteElo "2042"]
[BlackElo "2538"]
[Result "1-0"]
[PlyCount "101"]
[EventDate "2014.06.14"]

1. Nf3 e6 2. g3 b5 3. Bg2 Bb7 4. b3 Be7 5. Bb2 Nf6 6. O-O O-O 7. c4 bxc4 8.
bxc4 c5 9. Nc3 Nc6 10. Rb1 Rb8 11. Ba1 d6 12. d4 Qc8 13. d5 exd5 14. Nxd5 Nxd5
15. cxd5 Nb4 16. a3 Na6 17. e4 Nc7 18. Re1 Qd7 19. e5 f6 20. e6 Qe8 21. Nh4 f5
22. Qd2 Qa4 23. Qd3 Ba6 24. Qd2 Rxb1 25. Rxb1 Nb5 26. Bb2 Bxh4 27. gxh4 Qxh4
28. Qa5 Qc4 29. Qxa6 Qc2 30. Qxb5 Qxb1+ 31. Bf1 f4 32. f3 h6 33. Qb7 Rf6 34.
Qb8+ Kh7 35. Qb3 c4 36. Qc3 Qg6+ 37. Kf2 Qh5 38. Bxc4 Qxh2+ 39. Ke1 Qg3+ 40.
Kd2 Rf8 41. Kc2 Rb8 42. Kb1 h5 43. Bd3+ Kh6 44. Bc2 Qg5 45. Ka1 h4 46. Qd3 g6
47. Qd4 Rg8 48. Bc1 Rf8 49. Bxf4 Qxf4 50. Qxf4+ Rxf4 51. e7 1-0

[Event "V Festival A"]
[Site "Forni di Sopra ITA"]
[Date "2014.06.15"]
[Round "3"]
[White "Guichard, Pauline"]
[Black "Dvirnyy, Danyyil"]
[WhiteElo "2356"]
[BlackElo "2549"]
[Result "0-1"]
[PlyCount "92"]
[EventDate "2014.06.14"]

1. d4 Nf6 2. c4 g6 3. Nc3 Bg7 4. e4 d6 5. Nf3 O-O 6. Be2 c5 7. d5 e6 8. O-O
exd5 9. exd5 Bf5 10. Bd3 Bg4 11. h3 Bxf3 12. Qxf3 Nbd7 13. Bf4 Qb6 14. Nb5 Ne5
15. Bxe5 dxe5 16. a4 a6 17. a5 Qd8 18. Nc3 Ne8 19. Qe3 Rc8 20. f4 exf4 21. Qxf4
Nd6 22. Kh1 Re8 23. Rae1 Rxe1 24. Rxe1 Bxc3 25. bxc3 Kg7 26. Re5 Qf6 27. Qe3 h5
28. Kh2 h4 29. Re7 Rd8 30. Re5 Rd7 31. Kg1 Nc8 32. Re4 Nd6 33. Re5 Rc7 34. Kh2
Rc8 35. Kg1 b6 36. axb6 a5 37. Re7 Rb8 38. Ra7 Nb7 39. Be2 Kf8 40. Rxb7 Rxb7
41. Qxc5+ Kg7 42. d6 Qxc3 43. Qf2 a4 44. c5 a3 45. Bf1 a2 46. c6 Qxc6 0-1